EA FC26 All Gold Argentina Players - Statistics

General Stats
  • This quiz has been taken 65 times
  • The average score is 38 of 102
Answer Stats
Rate Club Answer % Correct
78 Racing Club Adrian Martinez
100%
85 Aston Villa Emiliano Martinez
100%
87 Atletico Madrid Julian Alvarez
100%
88 Inter Lautaro Martinez
100%
86 Inter Miami Lionel Messi
100%
81 Man United Lisandro Martinez
100%
87 Liverpool Alexis Mac Allister
98%
86 AS Roma Paulo Dybala
98%
84 Chelsea Enzo Fernandez
95%
82 Spurs Cristian Romero
93%
76 Union SG Kevin Mac Allister
90%
75 Leverkusen Ezequiel Fernandez
88%
75 Belgrano | NYCFC Nicolas Fernandez
88%
75 Godoy Cruz Pol Fernandez
88%
84 Inter Miami Rodrigo de Paul
85%
82 Rosario Central Angel Di Maria
80%
84 Leverkusen Exequiel Palacios
80%
79 Atletico Madrid Nahuel Molina
70%
82 Benfica Nicolas Otamendi
70%
75 Torino Giovanni Simeone
68%
81 Atletico Madrid Giuliano Simeone
68%
79 Como Nico Paz
63%
77 West Ham Guido Rodriguez
60%
75 Talleres Juan Rodriguez
60%
78 Lyon Nicolas Tagliafico
60%
77 Real Madrid Franco Mastantuono
58%
82 Real Betis Giovani Lo Celso
58%
81 Galatasaray Mauro Icardi
58%
79 Atletico Madrid Thiago Almada
58%
77 Chelsea Alejandro Garnacho
55%
82 Marseille Geronimo Rulli
55%
78 River Plate Gonzalo Montiel
53%
79 Villarreal Juan Foyth
53%
75 Independiente Santiago Montiel
53%
78 River Plate Marcos Acuna
50%
81 Marseille Leonardo Balerdi
48%
78 Atletico Madrid Nico Gonzalez
48%
79 Nottingham Nicolas Dominguez
48%
78 Bournemouth Marcos Senesi
43%
78 Boca Juniors Leandro Paredes
40%
78 AS Roma Matias Soule
38%
80 Lazio Valentin Castellanos
38%
76 Real Betis Valentin Gomez
38%
79 Crystal Palace Walter Benitez
38%
79 FC Porto Alan Varela
35%
75 Chelsea Facundo Buonanotte
33%
76 Bologna Santiago Castro
33%
77 Aston Villa Emiliano Buendia
30%
79 Marseille Facundo Medina
30%
76 River Plate German Pezzella
28%
75 Racing Club Marcos Rojo
28%
76 FC Porto Nehuen Perez
28%
75 Everton Carlos Alcaraz
25%
79 Atletico Madrid Juan Musso
23%
77 Boca Juniors Agustin Marchesin
20%
78 River Plate Franco Armani
20%
77 Newells Old Boys Ever Banega
18%
75 Strasbourg Valentin Barco
18%
79 Rayo Vallecano Augusto Batalla
15%
77 River Plate Lucas Martinez Quarta
15%
79 Girona Paulo Gazzaniga
15%
78 Mallorca Pablo Maffeo
13%
76 AEK Athens Roberto Pereyra
13%
78 Independiente Rodrigo Rey
13%
78 Estudiantes Santiago Ascacibar
13%
76 River Plate Facundo Colidio
10%
78 River Plate Jeremias Ledesma
10%
75 Racing Club Juan Nardoni
10%
78 Lanus Marcelino Moreno
10%
75 River Plate Maximiliano Meza
10%
78 Olympiacos Santiago Hezze
10%
77 River Plate Sebastian Driussi
10%
76 Rosario Central Victor Malcorra
10%
77 Colo Colo Claudio Aquino
8%
76 Lanus Eduardo Salvio
8%
77 Benfica Enzo Barrenechea
8%
76 Talleres Guido Herrera
8%
75 Boca Juniors Kevin Zenon
8%
75 Boca Juniors Lautaro Blanco
8%
76 Valencia Lucas Beltran
8%
75 Elche Matias Dituro
8%
76 Racing Club Santiago Sosa
8%
75 Velez Sarsfield Emanuel Mammana
5%
76 Argentinos Jrs Federico Fattori
5%
76 Independiente Ivan Marcone
5%
77 Al Fateh Matias Vargas
5%
75 Racing Club Matias Zaracho
5%
76 River Plate Maximiliano Salas
5%
76 Deportivo Alaves Nahuel Tenaglia
5%
76 Boca Juniors Rodrigo Battaglia
5%
76 Talleres Ruben Botta
5%
75 Velez Sarsfield Tomas Marchiori
5%
75 FBC Melgar Cristian Bordacahar
3%
75 San Jose Earthquakes Cristian Espinoza
3%
77 Talleres Emanuel Reynoso
3%
76 River Plate Fabricio Bustos
3%
75 Instituto Gaston Lodico
3%
76 River Plate Juan Portillo
3%
75 Banfield Julio Furch
3%
76 Boca Juniors Malcom Braida
3%
75 Newells Old Boys Victor Cuesta
3%
No matching quizzes found
Score Distribution
Percent of People with Each Score
Percentile by Number Answered
Your Score History
You have not taken this quiz